Statistics for Scotland Council Quiz - Fife

Click here to take the quiz!

General Stats

  • This quiz has been taken 102 times
  • The average score is 8 of 15

Answer Stats

HintAnswer% Correct
University town known worldwide as the 'home of golf'St. Andrews
95%
Large town in south-west Fife which is the Council Area's most populous localityDunfermline
88%
Village located at the northern end of Scotland's symbolic Forth Railway BridgeNorth {Queensferry}
86%
Large town on the Firth of Forth, with the nickname of 'Lang Toun'Kirkcaldy
76%
Town known for its large dockyard which is a former home to the Royal NavyRosyth
69%
Kirkcaldy born 'Father of Economics' and author of 'The Wealth of Nations'Adam Smith
64%
Semi-professional football team from Fife with the nickname 'The Blue Brazil'Cowdenbeath
51%
Crime writer from Cardenden, best known for his Inspector Rebus novelsIan Rankin
50%
Fife born industrialist who led the expansion of the American steel industry and who
became one of the richest Americans in history
Andrew Carnegie
49%
Regional Park extending over approximately 25 square miles of west central Fife{Lomond} Hills
31%
The wide estuary of this river near Guardbridge is an important conservation areaRiver Eden
26%
Formula One racing driver from Kilmany, winner of the 1963 and 1965 F1 ChampionshipsJim Clark
25%
Island with a former Augustine abbey, located in the Firth of ForthInchcolm
24%
This painting by Methil born artist Jack Vettriano is perhaps his best known workThe Singing {Butler}
19%
Pittenweem keyboard player, Ian Stewart, was a founding member of this iconic rock bandRolling Stones
11%

Score Distribution

Percentile by Number Answered

Percent of People with Each Score

Your Score History

You have not taken this quiz